Geography Quiz

Random Geography or City Quiz

American cities Anagrammed Quiz Stats

 Plays Quiz not verified by Sporcle

Support Sporcle.
Go Orange.
Score 0/20 Timer 06:00
0 Plays Today
Anagram Town or Heading % Correct
Diet RotDetroit
87.2%
worn KeyNew York
80.9%
Gas SlaveLas Vegas
76.6%
Test AleSeattle
72.3%
sumo ClubColumbus
70.2%
I Weak MuleMilwaukee
68.1%
Legal nosesLos Angeles
63.8%
Tight burpsPittsburgh
57.4%
Ill ShavenNashville
57.4%
Satanic SkyKansas City
55.3%
Anagram Town or Heading % Correct
AgonisedSan Diego
53.2%
Tackily StaleSalt Lake City
51.1%
A Sin Pain IdolIndianapolis
51.1%
I'm Lenin's OAPMinneapolis
48.9%
Hang Disc TownWashington DC
44.7%
Loner WanesNew Orleans
44.7%
Most ArcaneSacramento
36.2%
Orange BoutBaton Rouge
34%
Organ acheAnchorage
23.4%
Long TrainArlington
19.1%

You're not logged in!

Compare scores with friends on all Sporcle quizzes.
OR
Log In

From the Vault

MLB All-Star Right Fielders (AL)

by ian2813

We've been watching baseball for 30 years and somehow still get right and left field confused. Is that okay?
Remove Ads.
Support Sporcle.
Get the best of Sporcle when you Go Orange. This ad-free experience offers more features, more stats, and more fun while also helping to support Sporcle. Thank you for becoming a member.

Show Comments

Extras

Created Feb 22, 2011ReportNominate
Tags:City Quiz, anagrams

Top Quizzes Today


Score Distribution

Your Account Isn't Verified!

In order to create a playlist on Sporcle, you need to verify the email address you used during registration. Go to your Sporcle Settings to finish the process.

Report this User

Report this user for behavior that violates our Community Guidelines.

Details: